Limitación a la deducción de intereses de financiación (Registro nro. 34958)
[ vista simple ]
| 000 -LEADER | |
|---|---|
| fixed length control field | 00324 a2200109 4500 |
| 001 - CONTROL NUMBER | |
| control field | ART_48493 |
| 005 - DATE AND TIME OF LATEST TRANSACTION | |
| control field | 20260410162042.0 |
| 008 - FIXED-LENGTH DATA ELEMENTS--GENERAL INFORMATION | |
| fixed length control field | 260409a |
| 100 1# - MAIN ENTRY--PERSONAL NAME | |
| Personal name | Bello, Alberto M. |
| 245 10 - TITLE STATEMENT | |
| Title | Limitación a la deducción de intereses de financiación |
| 773 0# - HOST ITEM ENTRY | |
| Title | Impuestos |
| Related parts | - N°44 (ene. 2019) |
| Record control number | REV45175 |
No hay ítems disponibles.